[Event "Berlin Lieb Memorial 1st"]
[Site "Berlin"]
[Date "2015.07.02"]
[Round "7"]
[White "Focke, Wolfgang"]
[Black "Korell, Klaus Peter"]
[Result "1-0"]
[WhiteElo "1755"]
[BlackElo "1927"]
[PlyCount "61"]
[EventDate "2015.05.21"]
[EventType "swiss"]
[EventRounds "7"]
[EventCountry "GER"]
[SourceTitle "EXT 2022"]
[Source "ChessBase"]
[SourceDate "2021.10.06"]
[SourceVersion "1"]
[SourceVersionDate "2021.10.06"]
[SourceQuality "1"]

1. e4 e6 2. d4 d5 3. Nc3 Bb4 4. e5 c5 5. Bd2 Ne7 6. Nb5 Bxd2+ 7. Qxd2 0-0 8. f4 cxd4 9. Nxd4 Nbc6 10. Ngf3 Bd7 11. 0-0-0 Qb6 12. Kb1 Rfc8 13. h4 Na5 14. h5 Nc4 15. Bxc4 Rxc4 16. g4 a5 17. Qd3 h6 18. g5 Rb4 19. b3 Bb5 20. Qd2 Ba6 21. gxh6 gxh6 22. Rhg1+ Kh8 23. Qg2 Rg8 24. Qd2 Rd8 25. Rg2 Rc4 26. f5 Nxf5 27. Nxf5 exf5 28. Nd4 Rg8 29. Rxg8+ Kxg8 30. Nxf5 Rc7 31. Qg2+ 1-0

[Event "Berlin Eckbauer op 15th"]
[Site "Berlin"]
[Date "2012.11.12"]
[Round "5.15"]
[White "Koenig, Frank"]
[Black "Focke, Wolfgang"]
[Result "1-0"]
[WhiteElo "1940"]
[BlackElo "1759"]
[PlyCount "75"]
[EventDate "2012.10.15"]
[EventType "swiss"]
[EventRounds "7"]
[EventCountry "GER"]
[SourceTitle "EXT 2022"]
[Source "ChessBase"]
[SourceDate "2021.10.06"]
[SourceVersion "1"]
[SourceVersionDate "2021.10.06"]
[SourceQuality "1"]

1. Nf3 c5 2. g3 Nc6 3. Bg2 e5 4. d3 g6 5. c4 Bg7 6. 0-0 Nge7 7. Nc3 0-0 8. Nd5 h6 9. Bd2 d6 10. Bc3 Be6 11. e4 Qd7 12. Ne1 f5 13. f4 fxe4 14. Bxe4 Bf5 15. Qe2 Bxe4 16. Qxe4 Rae8 17. Ng2 Nxd5 18. Qxd5+ Qe6 19. Qxe6+ Rxe6 20. fxe5 Rxf1+ 21. Rxf1 Nxe5 22. Nf4 Re8 23. Bxe5 Bxe5 24. b3 Bxf4 25. Rxf4 Kg7 26. Kf2 Re5 27. g4 Re6 28. h3 Rf6 29. Ke3 Kf7 30. h4 Ke7 31. Rxf6 Kxf6 32. Kf4 g5+ 33. hxg5+ hxg5+ 34. Ke4 Ke6 35. a3 a5 36. a4 b6 37. d4 Kd7 38. d5 1-0

[Event "Berlin Eckbauer op 15th"]
[Site "Berlin"]
[Date "2012.10.22"]
[Round "2.27"]
[White "Blasig, Thomas"]
[Black "Focke, Wolfgang"]
[Result "0-1"]
[WhiteElo "1537"]
[BlackElo "1759"]
[PlyCount "25"]
[EventDate "2012.10.15"]
[EventType "swiss"]
[EventRounds "7"]
[EventCountry "GER"]
[SourceTitle "EXT 2022"]
[Source "ChessBase"]
[SourceDate "2021.10.06"]
[SourceVersion "1"]
[SourceVersionDate "2021.10.06"]
[SourceQuality "1"]

1. e4 c5 2. d4 cxd4 3. c3 d3 4. Bxd3 Nc6 5. Nf3 d6 6. 0-0 g6 7. Be3 Bg7 8. h3 Nf6 9. Qd2 0-0 10. c4 e6 11. Nc3 a6 12. a3 Rb8 13. Rab1 0-1

[Event "Berlin Eckbauer op 15th"]
[Site "Berlin"]
[Date "2012.10.15"]
[Round "1.6"]
[White "Focke, Wolfgang"]
[Black "Gebigke, Martin"]
[Result "0-1"]
[WhiteElo "1759"]
[BlackElo "2137"]
[PlyCount "54"]
[EventDate "2012.10.15"]
[EventType "swiss"]
[EventRounds "7"]
[EventCountry "GER"]
[SourceTitle "EXT 2022"]
[Source "ChessBase"]
[SourceDate "2021.10.06"]
[SourceVersion "1"]
[SourceVersionDate "2021.10.06"]
[SourceQuality "1"]

1. e4 c5 2. Nf3 d6 3. Bb5+ Bd7 4. Bxd7+ Qxd7 5. 0-0 Nc6 6. c4 Nf6 7. Nc3 g6 8. d4 cxd4 9. Nxd4 Bg7 10. Re1 0-0 11. h3 Nxd4 12. Qxd4 Ng4 13. Qd3 Ne5 14. Qe2 Rfc8 15. Rb1 Nxc4 16. f4 b5 17. g4 b4 18. Nd1 Bd4+ 19. Kh1 h5 20. f5 hxg4 21. Qxg4 Ne5 22. Qg2 Qb5 23. fxg6 fxg6 24. Bh6 Qd3 25. Ne3 Bxe3 26. Bxe3 Rc2 27. Qg5 Qxe4+ 0-1

[Event "Zehlendorf op"]
[Site "Berlin"]
[Date "2012.06.07"]
[Round "4"]
[White "Focke, Wolfgang"]
[Black "Schneider, Christian"]
[Result "1/2-1/2"]
[WhiteElo "1758"]
[BlackElo "1531"]
[PlyCount "99"]
[EventDate "2012.05.10"]
[EventType "swiss"]
[EventRounds "7"]
[EventCountry "GER"]
[SourceTitle "EXT 2022"]
[Source "ChessBase"]
[SourceDate "2021.10.06"]
[SourceVersion "1"]
[SourceVersionDate "2021.10.06"]
[SourceQuality "1"]

1. e4 e6 2. d4 d5 3. Nc3 Nf6 4. e5 Nfd7 5. f4 c5 6. Nf3 Nc6 7. Be3 Be7 8. Be2 0-0 9. 0-0 b6 10. g3 cxd4 11. Nxd4 Nxd4 12. Bxd4 Bc5 13. b4 Be7 14. Bd3 a5 15. Rb1 Ba6 16. b5 Bc8 17. a4 Nc5 18. Qh5 Ne4 19. Bxe4 dxe4 20. Qd1 Bb7 21. Re1 Bb4 22. Re3 Qc7 23. Qe2 Rfd8 24. Rd1 Rxd4 25. Rxd4 Bxc3 26. Rc4 Qd7 27. Rexc3 Rc8 28. h3 Rxc4 29. Rxc4 g6 30. Qe1 Qd5 31. Rc7 e3 32. Rxb7 Qxb7 33. Qxe3 Qd5 34. Qd3 Qxd3 35. cxd3 Kf8 36. g4 Ke7 37. Kf2 Ke8 38. d4 f5 39. Ke3 Kd7 40. Kd3 Kc7 41. Kc4 Kd7 42. d5 fxg4 43. hxg4 h5 44. gxh5 gxh5 45. f5 exf5 46. e6+ Kd6 47. Kd4 h4 48. Ke3 Ke7 49. Kf4 Kf6 50. Kf3 1/2-1/2

[Event "Berlin-ch qualification"]
[Site "Berlin-Lichtenrade"]
[Date "2012.04.08"]
[Round "1.3"]
[White "Haseloff, Harald"]
[Black "Focke, Wolfgang"]
[Result "0-1"]
[WhiteElo "2145"]
[BlackElo "1758"]
[PlyCount "86"]
[EventDate "2012.04.08"]
[EventType "swiss"]
[EventRounds "9"]
[EventCountry "GER"]
[SourceTitle "EXT 2022"]
[Source "ChessBase"]
[SourceDate "2021.10.06"]
[SourceVersion "1"]
[SourceVersionDate "2021.10.06"]
[SourceQuality "1"]

1. e4 e5 2. Nf3 Nc6 3. c3 Nf6 4. d4 exd4 5. e5 Nd5 6. Bb5 Be7 7. 0-0 0-0 8. cxd4 a6 9. Ba4 Nb6 10. Bb3 d5 11. exd6 Qxd6 12. h3 Be6 13. Be3 Nd5 14. Nc3 Na5 15. Bc2 Nc4 16. Qd3 Nf6 17. b3 Nxe3 18. fxe3 g6 19. e4 Nh5 20. Ne2 Rad8 21. Qe3 Qb6 22. g4 Ng7 23. Nc3 Rfe8 24. Rad1 f6 25. Na4 Qa7 26. Qc3 c6 27. Kg2 Bf7 28. Bd3 Qb8 29. Nb2 Ne6 30. e5 Nf4+ 31. Kg3 fxe5 32. dxe5 Nd5 33. Qc1 Bf6 34. Nc4 Be7 35. Ng5 Bxg5 36. Qxg5 Qc7 37. Nd6 Rxd6 38. exd6 Qxd6+ 39. Kh4 Re3 40. Rg1 h6 41. Qxh6 Qf6+ 42. g5 Qf4+ 43. Rg4 Qf2+ 0-1

[Event "Berlin Eckbauer op 14th"]
[Site "Berlin"]
[Date "2011.11.07"]
[Round "4.28"]
[White "Lemnitz, Donald"]
[Black "Focke, Wolfgang"]
[Result "0-1"]
[WhiteElo "1561"]
[BlackElo "1758"]
[PlyCount "48"]
[EventDate "2011.10.17"]
[EventType "swiss"]
[EventRounds "7"]
[EventCountry "GER"]
[SourceTitle "EXT 2022"]
[Source "ChessBase"]
[SourceDate "2021.10.06"]
[SourceVersion "1"]
[SourceVersionDate "2021.10.06"]
[SourceQuality "1"]

1. d4 d5 2. Nf3 Nf6 3. e3 e6 4. Bd3 c5 5. c3 Nc6 6. 0-0 Bd6 7. Nbd2 0-0 8. Re1 Qc7 9. e4 dxe4 10. Nxe4 Nxe4 11. Bxe4 h6 12. d5 exd5 13. Bxd5 Bg4 14. g3 Rad8 15. c4 Nb4 16. Be4 Bxg3 17. Qb3 Bd6 18. a3 Nc6 19. Bd2 Bxf3 20. Qxf3 Bxh2+ 21. Kf1 Rxd2 22. Qe3 Rfd8 23. Qf3 Qf4 24. Qg2 Ne5 0-1

[Event "Berlin Eckbauer op 14th"]
[Site "Berlin"]
[Date "2011.10.31"]
[Round "3.21"]
[White "Focke, Wolfgang"]
[Black "Kurbel, Horst Peter"]
[Result "0-1"]
[WhiteElo "1758"]
[BlackElo "1895"]
[PlyCount "96"]
[EventDate "2011.10.17"]
[EventType "swiss"]
[EventRounds "7"]
[EventCountry "GER"]
[SourceTitle "EXT 2022"]
[Source "ChessBase"]
[SourceDate "2021.10.06"]
[SourceVersion "1"]
[SourceVersionDate "2021.10.06"]
[SourceQuality "1"]

1. e4 c5 2. c3 d6 3. d4 Nc6 4. Nf3 Nf6 5. Bd3 Bg4 6. d5 Ne5 7. Bb5+ Ned7 8. h3 Bh5 9. Qe2 a6 10. Bxd7+ Qxd7 11. 0-0 h6 12. Nbd2 g5 13. Re1 g4 14. hxg4 Qxg4 15. Nf1 Rg8 16. Ng3 Bg6 17. e5 Nh5 18. exd6 Nxg3 19. fxg3 Qxg3 20. dxe7 Bg7 21. Be3 Be4 22. Qf2 Qxf2+ 23. Kxf2 Bxd5 24. Bxc5 Bf6 25. Bd4 Bxd4+ 26. cxd4 Rg4 27. Re5 Bxf3 28. Kxf3 Rxd4 29. Rae1 Rc8 30. R1e4 Rd2 31. Rg4 Kd7 32. Rg7 Re8 33. Rxf7 Rxb2 34. Rd5+ Ke6 35. Rff5 Rxe7 36. Rfe5+ Kf6 37. Rh5 Kg6 38. g4 Rb6 39. Rd8 Rf6+ 40. Kg3 Re3+ 41. Kh4 Rff3 42. Rd6+ Kg7 43. Rdxh6 Rh3+ 44. Kg5 Rxh5+ 45. Rxh5 Re2 46. Kf5 Rxa2 47. Rg5+ Kf7 48. Rh5 Ra5+ 0-1

[Event "Berlin Eckbauer op 13th"]
[Site "Berlin"]
[Date "2010.11.01"]
[Round "7.25"]
[White "Kleemeyer, Olaf"]
[Black "Focke, Wolfgang"]
[Result "0-1"]
[WhiteElo "1650"]
[BlackElo "1780"]
[PlyCount "70"]
[EventDate "2010.09.13"]
[EventType "swiss"]
[EventRounds "7"]
[EventCountry "GER"]
[SourceTitle "EXT 2022"]
[Source "ChessBase"]
[SourceDate "2021.10.06"]
[SourceVersion "1"]
[SourceVersionDate "2021.10.06"]
[SourceQuality "1"]

1. d4 Nf6 2. Nf3 b6 3. e3 e6 4. Bd3 Bb7 5. 0-0 Be7 6. b3 c5 7. Bb2 0-0 8. Nbd2 cxd4 9. exd4 d5 10. c4 Nbd7 11. Re1 Rc8 12. Ne5 Bb4 13. a3 Bxd2 14. Qxd2 Ne4 15. Qf4 f6 16. Nxd7 Qxd7 17. f3 Nd6 18. Qh4 f5 19. Re2 Rf6 20. Rae1 Rg6 21. Kh1 Qf7 22. Qf4 Qd7 23. a4 Ba6 24. Re3 dxc4 25. bxc4 Nxc4 26. Bxf5 exf5 27. Re7 Qd5 28. Rc7 Rd6 29. Rxg7+ Kxg7 30. Re7+ Kf8 31. Qg5 Rg6 32. Qh4 Nxb2 33. Re2 Rc1+ 34. Re1 Rxe1+ 35. Qxe1 Qe6 0-1

[Event "Berlin Eckbauer op 13th"]
[Site "Berlin"]
[Date "2010.09.27"]
[Round "3.23"]
[White "Berndt, Ronald"]
[Black "Focke, Wolfgang"]
[Result "1-0"]
[WhiteElo "1727"]
[BlackElo "1780"]
[PlyCount "65"]
[EventDate "2010.09.13"]
[EventType "swiss"]
[EventRounds "7"]
[EventCountry "GER"]
[SourceTitle "EXT 2022"]
[Source "ChessBase"]
[SourceDate "2021.10.06"]
[SourceVersion "1"]
[SourceVersionDate "2021.10.06"]
[SourceQuality "1"]

1. e4 c5 2. Nf3 e6 3. d4 cxd4 4. Nxd4 a6 5. Nd2 Qc7 6. Bd3 Nf6 7. 0-0 Nc6 8. Nxc6 dxc6 9. Nf3 Bd6 10. Qe2 e5 11. h3 0-0 12. Be3 b5 13. a4 Bb7 14. Nd2 Rac8 15. c4 Qe7 16. Bg5 Rfd8 17. Rfe1 Bb4 18. axb5 Qd6 19. bxa6 Ba8 20. Bc2 h6 21. Bxf6 Qxf6 22. Nf3 c5 23. Rad1 Qe6 24. Ba4 f5 25. Bb5 g5 26. Rxd8+ Rxd8 27. Rd1 Qb6 28. Rd3 Qa5 29. Qd1 Rxd3 30. Qxd3 Qa1+ 31. Kh2 Ba5 32. Qd7 Qe1 33. Qe6+ 1-0

[Event "Berlin-ch Class-C"]
[Site "Berlin"]
[Date "2010.05.15"]
[Round "5"]
[White "Lange, Rudolf"]
[Black "Focke, Wolfgang"]
[Result "1-0"]
[WhiteElo "1671"]
[BlackElo "1583"]
[PlyCount "67"]
[EventDate "2010.05.12"]
[EventType "tourn"]
[EventRounds "7"]
[EventCountry "GER"]
[SourceTitle "EXT 2012"]
[Source "ChessBase"]
[SourceDate "2011.11.24"]
[SourceVersion "1"]
[SourceVersionDate "2011.11.24"]
[SourceQuality "1"]

1. d4 d5 2. c4 c6 3. Nf3 Nf6 4. Nc3 e6 5. e3 dxc4 6. Bxc4 b5 7. Bd3 Bb7 8. e4 a6 9. Bg5 Be7 10. 0-0 Nbd7 11. Qb3 0-0 12. a4 b4 13. e5 Nd5 14. Bxe7 Qxe7 15. Nxd5 cxd5 16. a5 Nb8 17. Rfc1 Nc6 18. Qc2 g6 19. Qd2 f5 20. Bf1 Rfc8 21. Rc5 Rc7 22. Rac1 Rac8 23. Ne1 Nxa5 24. Qxb4 Rxc5 25. dxc5 Nc6 26. Qb6 Nxe5 27. Bxa6 Bxa6 28. Qxa6 Rc6 29. Qa8+ Kg7 30. b4 Qg5 31. Ra1 Rc7 32. b5 Qh4 33. Qb8 Rf7 34. Qxe5+ 1-0

[Event "Berlin Eckbauer op 10th"]
[Site "Berlin"]
[Date "2007.11.06"]
[Round "7"]
[White "Mahler, Sonja"]
[Black "Focke, Wolfgang"]
[Result "1-0"]
[WhiteElo "1438"]
[BlackElo "1418"]
[PlyCount "61"]
[EventDate "2007.08.18"]
[EventType "swiss"]
[EventRounds "7"]
[EventCountry "GER"]
[SourceTitle "EXT 2022"]
[Source "ChessBase"]
[SourceDate "2021.10.06"]
[SourceVersion "1"]
[SourceVersionDate "2021.10.06"]
[SourceQuality "1"]

1. d4 Nf6 2. Bf4 g6 3. e3 Bg7 4. Nf3 c5 5. c3 cxd4 6. exd4 0-0 7. Bd3 Nc6 8. Nbd2 d6 9. Bg5 Re8 10. Qc2 e5 11. d5 Ne7 12. c4 Bf5 13. Bxf5 Nxf5 14. 0-0 Qb6 15. Bxf6 Bxf6 16. Ne4 Bg7 17. Rad1 Rac8 18. Rfe1 Qa6 19. b3 Rc7 20. a4 Rec8 21. Qb2 Qb6 22. Qa3 a5 23. g4 Nd4 24. Nxd4 exd4 25. Nxd6 Rd8 26. Nb5 Rcd7 27. Re4 Qf6 28. Nxd4 Qh4 29. Rde1 h5 30. Nf3 Qh3 31. Re8+ 1-0

[Event "Berlin Eckbauer op 10th"]
[Site "Berlin"]
[Date "2007.10.23"]
[Round "5"]
[White "Focke, Wolfgang"]
[Black "Richter, Dirk"]
[Result "1-0"]
[WhiteElo "1418"]
[BlackElo "1480"]
[PlyCount "63"]
[EventDate "2007.08.18"]
[EventType "swiss"]
[EventRounds "7"]
[EventCountry "GER"]
[SourceTitle "EXT 2022"]
[Source "ChessBase"]
[SourceDate "2021.10.06"]
[SourceVersion "1"]
[SourceVersionDate "2021.10.06"]
[SourceQuality "1"]

1. e4 Nf6 2. e5 Nd5 3. d4 d6 4. Nf3 Bg4 5. Be2 Nc6 6. 0-0 dxe5 7. dxe5 Bxf3 8. Bxf3 e6 9. c4 Nde7 10. Qa4 Qd4 11. Nc3 Qxe5 12. Be3 a6 13. Rad1 Qa5 14. Qb3 Nd8 15. Ne4 Nec6 16. Bf4 Be7 17. Qd3 Ne5 18. Bxe5 Qxe5 19. Qd7+ Kf8 20. Nc3 Bd6 21. g3 Qf6 22. Bg2 Qe7 23. Qa4 g6 24. Rfe1 Kg7 25. Qb3 Rb8 26. Nd5 Qf8 27. Qc3+ f6 28. Nxc7 Bb4 29. Rd7+ Kg8 30. Qe3 Bxe1 31. Nxe6 Bxf2+ 32. Kxf2 1-0

[Event "Berlin op 09"]
[Site "Berlin"]
[Date "2004.09.20"]
[Round "3"]
[White "Lehmann, Michael"]
[Black "Focke, Wolfgang"]
[Result "1-0"]
[WhiteElo "1632"]
[BlackElo "1532"]
[PlyCount "131"]
[EventDate "2004.09.06"]
[EventType "swiss"]
[EventRounds "7"]
[EventCountry "GER"]
[SourceTitle "EXT 2007"]
[Source "ChessBase"]
[SourceDate "2006.11.23"]
[SourceVersion "1"]
[SourceVersionDate "2006.11.23"]
[SourceQuality "1"]

1. d4 d5 2. c4 c6 3. Nc3 Nf6 4. Bg5 e6 5. e3 dxc4 6. Bxc4 Be7 7. Nf3 Nbd7 8. 0-0 0-0 9. Rc1 b5 10. Be2 Bb7 11. Qc2 Rc8 12. Rfd1 Qc7 13. Nxb5 Qa5 14. Nc3 c5 15. Qa4 Qb6 16. Qb5 Qxb5 17. Nxb5 cxd4 18. Nbxd4 Nc5 19. Nd2 h6 20. Bh4 Rfd8 21. f3 Rd5 22. Bc4 Rdd8 23. Rc2 Bd5 24. Rdc1 Bxc4 25. Rxc4 g5 26. Bg3 Nd5 27. Bf2 Nb6 28. R4c2 Nd3 29. Rxc8 Nxc8 30. Rc2 Bf6 31. a3 Ne7 32. Kf1 Rb8 33. b4 e5 34. Bg3 Rb6 35. N4b3 Nf5 36. Ke2 Nxg3+ 37. hxg3 e4 38. Nxe4 Ne5 39. Nxf6+ Rxf6 40. Rc8+ Kg7 41. Rc5 Re6 42. Nd4 Re8 43. Nc6 Nxc6 44. Rxc6 Re7 45. a4 f6 46. b5 Kg6 47. b6 axb6 48. Rxb6 Ra7 49. Rb4 Ra5 50. g4 Kf7 51. Kd3 Ke6 52. Kc3 Rc5+ 53. Rc4 Rd5 54. Kb3 Rd3+ 55. Rc3 Rd5 56. e4 Rd2 57. Rc2 Rd1 58. Rb2 Kd6 59. a5 Kc6 60. a6 Ra1 61. Ra2 Rb1+ 62. Kc2 Re1 63. Kd2 Rg1 64. Ke3 Kb5 65. a7 Re1+ 66. Kf2 1-0

[Event "Berlin op 10"]
[Site "Berlin"]
[Date "2003.11.24"]
[Round "7"]
[White "Heyne, Klaus"]
[Black "Focke, Wolfgang"]
[Result "1/2-1/2"]
[WhiteElo "1222"]
[BlackElo "1521"]
[PlyCount "37"]
[EventDate "2003.10.13"]
[EventType "swiss"]
[EventRounds "7"]
[EventCountry "GER"]
[SourceTitle "EXT 2007"]
[Source "ChessBase"]
[SourceDate "2006.11.23"]
[SourceVersion "1"]
[SourceVersionDate "2006.11.23"]
[SourceQuality "1"]

1. c4 e5 2. e4 Nf6 3. Nc3 Nc6 4. d3 Be7 5. Nf3 d6 6. Be2 0-0 7. 0-0 Ne8 8. Nd5 f5 9. Nxe7+ Qxe7 10. Bg5 Qf7 11. Bd2 f4 12. a3 Nf6 13. Bc3 Qg6 14. Re1 Bh3 15. Bf1 Bg4 16. Be2 Rad8 17. Nh4 Qh5 18. Nf3 Qg6 19. Nh4 1/2-1/2

[Event "Berlin op 10"]
[Site "Berlin"]
[Date "2003.11.10"]
[Round "5"]
[White "Focke, Wolfgang"]
[Black "Walter, Reinhold"]
[Result "1-0"]
[WhiteElo "1521"]
[BlackElo "1434"]
[PlyCount "107"]
[EventDate "2003.10.13"]
[EventType "swiss"]
[EventRounds "7"]
[EventCountry "GER"]
[SourceTitle "EXT 2007"]
[Source "ChessBase"]
[SourceDate "2006.11.23"]
[SourceVersion "1"]
[SourceVersionDate "2006.11.23"]
[SourceQuality "1"]

1. e4 e6 2. d4 Nf6 3. Bd3 d5 4. e5 Nfd7 5. Nf3 c5 6. c3 a6 7. 0-0 Nc6 8. a3 c4 9. Be2 Be7 10. Ne1 0-0 11. f4 f5 12. Nf3 Nb6 13. h3 Bd7 14. Nh2 Be8 15. g4 Bg6 16. g5 Rb8 17. h4 Na5 18. Nd2 Be8 19. Qe1 Ba4 20. Qg3 Nb3 21. Nxb3 Bxb3 22. h5 Ba4 23. Nf3 Be8 24. g6 h6 25. Kg2 Ba4 26. Bd2 Bc2 27. Bd1 Be4 28. Kh3 Bxf3 29. Qxf3 Qd7 30. Qg2 Nc8 31. Bc1 b5 32. Qe2 Nb6 33. Qg2 Ra8 34. Bc2 a5 35. Bd2 Rfb8 36. Qe2 Ra7 37. Rfb1 Bd8 38. Be1 Rab7 39. Bh4 Bxh4 40. Kxh4 Qe7+ 41. Kg3 Nd7 42. Qe1 b4 43. axb4 axb4 44. Ra6 bxc3 45. bxc3 Rxb1 46. Bxb1 Qd8 47. Rxe6 Rb6 48. Bxf5 Nf8 49. Rxb6 Qxb6 50. e6 Nxe6 51. Qxe6+ Qxe6 52. Bxe6+ Kf8 53. Bxd5 Ke7 54. Bxc4 1-0

[Event "Berlin Eckbauer op 5th"]
[Site "Berlin"]
[Date "2002.10.14"]
[Round "2"]
[White "Schmidt, Peter2222"]
[Black "Focke, Wolfgang"]
[Result "1-0"]
[WhiteElo "2023"]
[BlackElo "1510"]
[PlyCount "65"]
[EventDate "2002.10.??"]
[EventType "swiss"]
[EventRounds "7"]
[EventCountry "GER"]
[SourceTitle "EXT 2005"]
[Source "ChessBase"]
[SourceDate "2004.11.15"]
[SourceVersion "1"]
[SourceVersionDate "2004.11.15"]
[SourceQuality "1"]

1. f4 Nf6 2. Nf3 d5 3. e3 Bf5 4. b3 e6 5. Bb2 Nbd7 6. Be2 Bd6 7. 0-0 0-0 8. d3 Re8 9. Ne5 Bc5 10. Rf3 Nxe5 11. fxe5 Nd7 12. Nd2 a5 13. a3 c6 14. d4 Bf8 15. Rf2 c5 16. Bb5 cxd4 17. exd4 Re7 18. a4 Nb6 19. c4 dxc4 20. bxc4 Rc8 21. Qf1 Rec7 22. Rc1 Bb4 23. Kh1 Qg5 24. Nb3 Qg6 25. Rf3 Be4 26. Rg3 Qf5 27. Qe2 h6 28. Rf1 Qh7 29. Rc1 Qf5 30. Bc3 Nd5 31. Bd2 Bxd2 32. Nxd2 Bxg2+ 33. Qxg2 1-0

[Event "Berlin Eckbauer op 5th"]
[Site "Berlin"]
[Date "2002.10.07"]
[Round "1"]
[White "Focke, Wolfgang"]
[Black "Bruening, Wolfgang"]
[Result "1-0"]
[WhiteElo "1510"]
[BlackElo "1937"]
[PlyCount "57"]
[EventDate "2002.10.??"]
[EventType "swiss"]
[EventRounds "7"]
[EventCountry "GER"]
[SourceTitle "EXT 2005"]
[Source "ChessBase"]
[SourceDate "2004.11.15"]
[SourceVersion "1"]
[SourceVersionDate "2004.11.15"]
[SourceQuality "1"]

1. e4 c5 2. Nf3 e6 3. d4 cxd4 4. Nxd4 Nc6 5. Nc3 a6 6. Be3 Nf6 7. Be2 Bb4 8. f3 d5 9. 0-0 Bxc3 10. Nxc6 Qc7 11. bxc3 bxc6 12. exd5 cxd5 13. Rb1 0-0 14. Qd2 Bd7 15. Bb6 Qc6 16. Qe3 Rfc8 17. Bd3 Rab8 18. Bd4 Ne8 19. Qg5 a5 20. Qh4 f5 21. g4 a4 22. gxf5 exf5 23. Kf2 a3 24. Rb3 Qd6 25. Re1 Qf8 26. Re7 Ba4 27. Rbb7 Rxb7 28. Rxb7 Nd6 29. Rxg7+ 1-0

[Event "Berlin Eckbauer op 4th"]
[Site "Berlin"]
[Date "2001.11.12"]
[Round "7"]
[White "Focke, Wolfgang"]
[Black "Prinz, Tade"]
[Result "1-0"]
[WhiteElo "1526"]
[BlackElo "1557"]
[PlyCount "114"]
[EventDate "2001.10.??"]
[EventType "swiss"]
[EventRounds "7"]
[EventCountry "GER"]
[SourceTitle "EXT 2005"]
[Source "ChessBase"]
[SourceDate "2004.11.15"]
[SourceVersion "1"]
[SourceVersionDate "2004.11.15"]
[SourceQuality "1"]

1. e4 e5 2. Nf3 d6 3. d4 Nd7 4. Nc3 c6 5. Bc4 Be7 6. 0-0 Ngf6 7. d5 Nb6 8. Bb3 a5 9. a4 Bd7 10. Re1 c5 11. Nd2 0-0 12. Nc4 Ne8 13. f4 f6 14. f5 Nxc4 15. Bxc4 Nc7 16. Qg4 Kh8 17. Be2 g5 18. Qh3 Rg8 19. Bh5 Qf8 20. g4 Na6 21. Re2 Rc8 22. Rg2 Nc7 23. Bd2 b6 24. Qd3 Ne8 25. Nb5 Ng7 26. c4 Nxh5 27. gxh5 Qh6 28. Na7 Ra8 29. Nc6 Bd8 30. Nxd8 Raxd8 31. h4 Qxh5 32. hxg5 fxg5 33. Qg3 Qh4 34. Bxg5 Qxg5 35. Qxg5 Rxg5 36. Rxg5 Rf8 37. b3 Be8 38. Rf1 h6 39. Rg3 Rf6 40. Rf2 Bf7 41. Rfg2 h5 42. Kh2 Kh7 43. Kh3 Kh6 44. Kh4 Kh7 45. Rg5 Kh6 46. Rg7 Be8 47. Rg8 Bg6 48. R8xg6+ Rxg6 49. Rxg6+ Kh7 50. Rxd6 Kg7 51. Kxh5 Kf7 52. Rxb6 Ke7 53. Kg5 Kd7 54. Kg6 Kc7 55. Rc6+ Kb7 56. f6 Ka7 57. f7 Kb7 1-0

[Event "Berlin Eckbauer op 4th"]
[Site "Berlin"]
[Date "2001.10.29"]
[Round "5"]
[White "Focke, Wolfgang"]
[Black "Derz, Claus"]
[Result "0-1"]
[WhiteElo "1526"]
[BlackElo "1618"]
[PlyCount "102"]
[EventDate "2001.10.??"]
[EventType "swiss"]
[EventRounds "7"]
[EventCountry "GER"]
[SourceTitle "EXT 2005"]
[Source "ChessBase"]
[SourceDate "2004.11.15"]
[SourceVersion "1"]
[SourceVersionDate "2004.11.15"]
[SourceQuality "1"]

1. e4 d5 2. exd5 Qxd5 3. Nc3 Qa5 4. d4 Nf6 5. Bc4 Bf5 6. Nf3 e6 7. Bd2 Qb6 8. 0-0 c6 9. Bb3 Nbd7 10. Ne2 Bd6 11. Ng3 Bg6 12. Re1 0-0 13. Be3 Qc7 14. c4 Rfd8 15. Qe2 a5 16. a4 Bb4 17. Red1 Nb6 18. Rac1 c5 19. Bg5 cxd4 20. Nxd4 Nbd7 21. Nb5 Qc6 22. Nd4 Qb6 23. Be3 Bc5 24. Nb5 Bxe3 25. Qxe3 Qxe3 26. fxe3 Nc5 27. Rxd8+ Rxd8 28. Rd1 Rd7 29. Rxd7 Nfxd7 30. Bd1 Bd3 31. Be2 Bc2 32. Nc3 Nxa4 33. Nxa4 Bxa4 34. Ne4 Bc2 35. Nc3 Nc5 36. Kf2 Nd3+ 37. Bxd3 Bxd3 38. c5 Kf8 39. e4 Ke7 40. Ke3 Ba6 41. Na4 e5 42. Kd2 Kd7 43. Kc3 Bb5 44. Nb6+ Kc6 45. b4 axb4+ 46. Kxb4 Bd3 47. Nd5 Bxe4 48. Nc3 f6 49. g3 Bd3 50. Nd1 f5 51. Nb2 e4 0-1

[Event "Berlin Eckbauer op 4th"]
[Site "Berlin"]
[Date "2001.10.15"]
[Round "3"]
[White "Figura, Aleksandar"]
[Black "Focke, Wolfgang"]
[Result "1/2-1/2"]
[WhiteElo "1576"]
[BlackElo "1526"]
[PlyCount "37"]
[EventDate "2001.10.??"]
[EventType "swiss"]
[EventRounds "7"]
[EventCountry "GER"]
[SourceTitle "EXT 2005"]
[Source "ChessBase"]
[SourceDate "2004.11.15"]
[SourceVersion "1"]
[SourceVersionDate "2004.11.15"]
[SourceQuality "1"]

1. d4 g6 2. c4 Bg7 3. Nc3 d6 4. Nf3 Nf6 5. Bg5 h6 6. Bf4 Nh5 7. Bg3 0-0 8. e4 Nf6 9. Qd2 Bg4 10. Bf4 Bxf3 11. gxf3 Kh7 12. h4 Nc6 13. Be3 e5 14. d5 Ne7 15. 0-0-0 Nd7 16. h5 Ng8 17. Bd3 Nc5 18. Be2 g5 19. Rdg1 1/2-1/2

[Event "Berlin op 10"]
[Site "Berlin"]
[Date "2000.11.06"]
[Round "4"]
[White "Gruber, Andreas"]
[Black "Focke, Wolfgang"]
[Result "1/2-1/2"]
[WhiteElo "1602"]
[BlackElo "1449"]
[PlyCount "63"]
[EventDate "2000.10.16"]
[EventType "swiss"]
[EventRounds "7"]
[EventCountry "GER"]
[SourceTitle "EXT 2007"]
[Source "ChessBase"]
[SourceDate "2006.11.23"]
[SourceVersion "1"]
[SourceVersionDate "2006.11.23"]
[SourceQuality "1"]

1. e4 c5 2. d4 cxd4 3. c3 d3 4. Bxd3 Nc6 5. Nf3 d6 6. 0-0 Nf6 7. h3 a6 8. Re1 e6 9. c4 Bd7 10. Nc3 Rc8 11. b3 Ne5 12. Nxe5 dxe5 13. Bb2 Bc5 14. Qe2 0-0 15. Nd1 Qc7 16. Ne3 Rfd8 17. Ng4 Nxg4 18. Qxg4 b5 19. cxb5 Bxb5 20. Bxb5 axb5 21. Rac1 Rd2 22. Re2 Rcd8 23. Rf1 Rd1 24. Rc2 R1d2 25. Rxd2 Rxd2 26. Ba1 Rxa2 27. Qd1 Qb6 28. Bxe5 Rxf2 29. Rxf2 Bxf2+ 30. Kh1 Bc5 31. Qd7 Qa6 32. Bd4 1/2-1/2